000 00459nam a2200169Ia 4500
003 GCL
008 140319s9999 xx 000 0 eng d
040 _aGCL /
_cGCL
082 0 4 _a658.8
_bB P
100 1 _aPRODUCTION MANAGEMENT
245 1 0 _aPERSPECTIVE ON MARKETING MANAGEMENT Vol:3 /
_cPRODUCTION MANAGEMENT
260 _a[S.N] :
_bJOHN WILEY AND SONS. INC ،
_c1993
300 _a429 P
650 0 4 _aMARKETING
650 0 4 _aSTRATEGY
942 _2ddc
_cBK
999 _c14386
_d14386